Sport i rekreacja - j. włoski - Statystyki

Ogólne statystyki
  • Ten quiz został rozwiązany 31 razy
    28 od ostatniego zresetowania
  • Średni wynik to 7 z 24
Statystyki odpowiedzi
po polsku po włosku % Poprawnych
piłka nożna calcio
94%
golf golf
67%
tennis tennis
61%
siatkówka pallavolo
56%
hokej hockey
50%
rugby rugby
50%
koszykówka pallacanestro
39%
bejsbol baseball
33%
kolarstwo ciclismo
33%
krykiet cricket
33%
pływanie nuotare
33%
kręgle bowling
28%
futbol amerykański football americano
28%
narciarstwo sci
28%
bieganie corsa
22%
boks pugilato
17%
szermierka scherma
17%
snowboarding snowboarding
17%
żeglarstwo vela
11%
surfing fare surf
6%
podnoszenie ciężarów sollevamento pesi
6%
łucznictwo tiro con l'arco
6%
nurkowanie tuffarsi
6%
łyżwiarstwo pattinaggio su ghiaccio
0%
Nie znaleziono quizów pasujących do podanych kryteriów
Rozkład punktacji
Procent ludzi z każdym wynikiem
Percentyl według liczby udzielonych odpowiedzi
Twoja historia wyników
Nie rozwiązałeś tego quizu od ostatniego zresetowania